| 000 | 00393cam a2200169ua 4500 | ||
|---|---|---|---|
| 001 | 6566 | ||
| 008 | 060101n II |||gr||||Z||||||eng | ||
| 040 | _aMAIN | ||
| 041 | _aEnglish | ||
| 082 | _a546 RAJ | ||
| 100 | _aRAJ, GURDEEP. | ||
| 245 | _aINORGANIC CHEMISTRY | ||
| 260 |
_aJALANDHER: _bGOEL PUBLISHING., _c1992. |
||
| 300 |
_a1444: _c25CM. |
||
| 653 | _aInorganic chemistry | ||
| 942 | _cBK | ||
| 999 |
_c6551 _d6551 |
||